000 00600cam a2200181 4500500
005 20260405004014.0
041 _afre
042 _adc
100 1 0 _aOrtoli, Sven
_eauthor
245 0 0 _aÉdito : penser sans filet avec Hannah Arendt
260 _c2016.
500 _a82
690 _aBanalité du mal
690 _aEichmann
690 _aHannah Arendt
786 0 _nPhilosophie magazine - Hors séries | Hors-série Pritemps 2016 | HS28 | 2016-04-01 | p. 1-1 | 2104-9246
856 4 1 _uhttps://shs.cairn.info/magazine-philosophie-magazine-2016-hs28-page-1?lang=fr&redirect-ssocas=7080
999 _c2072853
_d2072853